Sabrina Carpenter - Paroles Paris - Statistiques

Statistiques générales
  • Ce quiz a été pris 21 fois
  • Le résultat moyen est 316 sur 414
Statistiques - réponses
Hint Réponse % Correct
a
100%
à
100%
I
100%
(I
100%
do
95%
Paris
95%
Paris)
95%
Paris,
95%
to
95%
even
89%
he
89%
He
89%
it
89%
"It's
89%
it's
89%
Refrain It's
89%
LA
89%
love
89%
love,
89%
so
89%
So
89%
(so
89%
But
84%
compare
84%
have
84%
in
84%
my
84%
ne
84%
pas
84%
romantic
84%
already
79%
Already
79%
chose
79%
d'aimer,
79%
d'aimer
79%
donne
79%
envie
79%
find
79%
Bridge Je
79%
know
79%
(know
79%
quelque
79%
Qui
79%
too
79%
try
79%
try)
79%
try,
79%
would
79%
you
79%
You
79%
Couplet 1 | Couplet 2 If
74%
Mais
74%
me
74%
me)
74%
passionnément
74%
right,
74%
right
74%
treat
74%
trouver
74%
voulais
74%
Won't
74%
won't
74%
(won't
74%
be
68%
cœur
68%
est
68%
good
68%
jump,
68%
l'amour
68%
Mon
68%
nice,
68%
pour
68%
should
68%
that
68%
the
68%
Thought
68%
toi
68%
toujours
68%
was
68%
always
63%
boy
63%
heart
63%
hesitant,
63%
hesitant
63%
leave
63%
leave)
63%
makes
63%
(makes
63%
much
63%
myself
63%
show
63%
Still
63%
still
63%
understood"
63%
when
63%
where
63%
with
63%
don't
58%
for
58%
get
58%
I'd
58%
of
58%
one
58%
sure
58%
sure,
58%
sure)
58%
take
58%
think
58%
took
58%
will
58%
yeah
58%
Yeah,
58%
yeah,
58%
asked
53%
front
53%
Guess
53%
like
53%
long
53%
many
53%
medicine,
53%
notice
53%
notice,
53%
Parisian
53%
put
53%
roses
53%
(roses)
53%
say,
53%
things
53%
this
53%
this)
53%
water
53%
wrong
53%
anymore,
47%
anymore
47%
(anymore)
47%
breeze
47%
Feeding
47%
feeding
47%
Looking
47%
nights,
47%
Scared
47%
that's
47%
(that's
47%
told
47%
here
42%
high,
42%
past
42%
Why'd
42%
you're
42%
'cross
37%
waiting
37%
babe
32%
Halfway
32%
Something
32%
world
32%
Aucun quiz correspondant
Distribution des résultats
% des personnes avec chaque résultat
Percentile par nombre de réponses
Votre historique - résultats
Vous n’avez pas pris ce quiz